[Event "Kuala Lumpur op 8th"]
[Site "Kuala Lumpur"]
[Date "2011.08.23"]
[Round "7"]
[White "Tan, Justin Hy"]
[Black "Sinha, Sudhir Kumar"]
[Result "0-1"]
[WhiteElo "2161"]
[BlackElo "2168"]
[PlyCount "116"]
[EventDate "2011.08.18"]
[EventType "swiss"]
[EventRounds "9"]
[EventCountry "MAS"]
[SourceTitle "CBM 144 Extra"]
[Source "ChessBase"]
[SourceDate "2011.10.28"]
[SourceVersion "1"]
[SourceVersionDate "2011.10.28"]
[SourceQuality "1"]

1. e4 c5 2. Nf3 Nc6 3. d4 cxd4 4. Nxd4 g6 5. Nc3 Bg7 6. Be3 Nf6 7. Bc4 0-0 8. Bb3 a5 9. 0-0 d6 10. f3 Bd7 11. Ndb5 Ne5 12. a4 Rc8 13. Qe2 Be6 14. Nd5 Nfd7 15. Na7 Ra8 16. Nb5 Rc8 17. Na7 Ra8 18. Nb5 Rc8 19. Rad1 Bxd5 20. exd5 Nc5 21. Na7 Rc7 22. Rfe1 Re8 23. Nb5 Rc8 24. Bxc5 Rxc5 25. f4 Qb6 26. fxe5 Rxb5+ 27. Qf2 Qxf2+ 28. Kxf2 Rb6 29. exd6 Rxd6 30. c3 Rb6 31. Bc4 Rxb2+ 32. Kf3 Rc8 33. Bd3 Kf8 34. c4 Ra2 35. Rb1 Ra3 36. Ke2 Rc7 37. Rb5 Bc3 38. Rc1 Bb4 39. c5 Rxa4 40. c6 bxc6 41. dxc6 Bd6 42. Rb2 e5 43. Rb5 Ra2+ 44. Kf1 Rd2 45. Be2 a4 46. Ke1 Rd4 47. Rb6 a3 48. Ra6 Ke7 49. Rc2 f5 50. Bc4 e4 51. g3 g5 52. Ba2 f4 53. Ke2 Rd3 54. gxf4 gxf4 55. Ra4 Re3+ 56. Kf2 Kf6 57. Rcc4 Rf3+ 58. Kg2 Rg7+ 0-1

[Event "Kuala Lumpur op 8th"]
[Site "Kuala Lumpur"]
[Date "2011.08.18"]
[Round "1"]
[White "Sinha, Sudhir Kumar"]
[Black "Sanchez, Joseph"]
[Result "1/2-1/2"]
[WhiteElo "2168"]
[BlackElo "2534"]
[PlyCount "106"]
[EventDate "2011.08.18"]
[EventType "swiss"]
[EventRounds "9"]
[EventCountry "MAS"]
[SourceTitle "CBM 144 Extra"]
[Source "ChessBase"]
[SourceDate "2011.10.28"]
[SourceVersion "1"]
[SourceVersionDate "2011.10.28"]
[SourceQuality "1"]

1. e4 d5 2. exd5 Qxd5 3. Nc3 Qd6 4. d4 Nf6 5. Nf3 Bg4 6. Be2 a6 7. Be3 Nc6 8. Qd2 e6 9. h3 Bh5 10. 0-0-0 Bg6 11. Bd3 Bxd3 12. Qxd3 Be7 13. a3 Rd8 14. Ne4 Qd5 15. Nc3 Qa5 16. Qc4 Nd5 17. Nxd5 Rxd5 18. Qd3 b5 19. Kb1 0-0 20. h4 b4 21. Bd2 Qb6 22. axb4 Nxb4 23. Bxb4 Qxb4 24. c3 Qa5 25. c4 Rd6 26. Ng5 g6 27. Qd2 Qf5+ 28. Qc2 Rfd8 29. Qxf5 gxf5 30. Nf3 Bf6 31. Kc2 Bxd4 32. Nxd4 Rxd4 33. Rxd4 Rxd4 34. b3 Kf8 35. g3 c5 36. Ra1 Rd6 37. Kc3 Ke7 38. b4 cxb4+ 39. Kxb4 Rd2 40. Rxa6 Rxf2 41. c5 f4 42. Ra7+ Kf6 43. gxf4 Rxf4+ 44. Kb5 Rf1 45. c6 Rb1+ 46. Kc5 Rc1+ 47. Kd6 Rd1+ 48. Kc5 Rc1+ 49. Kd6 Rd1+ 50. Kc5 e5 51. c7 Rc1+ 52. Kd5 Rd1+ 53. Kc5 Rc1+ 1/2-1/2

[Event "Mumbai Mayors Cup 1st"]
[Site "Mumbai"]
[Date "2008.05.13"]
[Round "4"]
[White "Sinha, Sudhir Kumar"]
[Black "Mitali, Madhukar Patil"]
[Result "1-0"]
[WhiteElo "2211"]
[BlackElo "1940"]
[PlyCount "69"]
[EventDate "2008.05.11"]
[EventType "swiss"]
[EventRounds "11"]
[EventCountry "IND"]
[SourceTitle "CBM 124 Extra"]
[Source "ChessBase"]
[SourceDate "2008.07.03"]
[SourceVersion "1"]
[SourceVersionDate "2008.07.03"]
[SourceQuality "1"]

1. e4 d6 2. d4 Nf6 3. Nc3 e5 4. Nf3 Nbd7 5. Be2 Be7 6. 0-0 0-0 7. b3 c6 8. Bb2 Re8 9. Re1 Bf8 10. Bf1 Qc7 11. a4 Rb8 12. Qd2 b6 13. Rad1 a6 14. h3 b5 15. Nh2 exd4 16. Qxd4 b4 17. Na2 a5 18. g4 d5 19. exd5 Rxe1 20. Rxe1 cxd5 21. Qd1 Bc5 22. Bg2 Bb7 23. Nc1 Bxf2+ 24. Kxf2 Qxh2 25. Qd4 Ne4+ 26. Rxe4 f6 27. Re2 Ne5 28. Nd3 Rf8 29. Nf4 g5 30. Nh5 Ng6 31. Ke1 Qd6 32. Nxf6+ Kf7 33. Nxh7 Qg3+ 34. Kd1 Nf4 35. Qg7# 1-0

[Event "New Delhi Parsvnath op 6th"]
[Site "New Delhi"]
[Date "2008.01.14"]
[Round "3"]
[White "Thejkumar, MS."]
[Black "Sinha, Sudhir Kumar"]
[Result "1-0"]
[WhiteElo "2382"]
[BlackElo "2228"]
[PlyCount "65"]
[EventDate "2008.01.13"]
[EventType "swiss"]
[EventRounds "10"]
[EventCountry "IND"]
[SourceTitle "CBM 122 Extra"]
[Source "ChessBase"]
[SourceDate "2008.03.04"]
[SourceVersion "1"]
[SourceVersionDate "2008.03.04"]
[SourceQuality "1"]

1. d4 d5 2. Nf3 Nf6 3. c4 e6 4. Nc3 Nbd7 5. cxd5 exd5 6. Bf4 c6 7. e3 Nh5 8. Bg5 Be7 9. Bxe7 Qxe7 10. Qc2 g6 11. 0-0-0 f5 12. h3 Nhf6 13. g4 Nb6 14. Ne5 fxg4 15. hxg4 Qg7 16. Bd3 g5 17. e4 dxe4 18. Nxe4 Nxe4 19. Bxe4 Be6 20. Bf5 Bd5 21. Rde1 Kd8 22. Qc5 Nc8 23. Rh3 Qf6 24. Kb1 Qd6 25. Ng6 Rg8 26. Qxd6+ Nxd6 27. Rxh7 Bf7 28. Ne5 Be8 29. Nd3 Nxf5 30. gxf5 Bd7 31. Rf7 Re8 32. Ne5 Re7 33. Nxc6+ 1-0

[Event "IND-chB 45th"]
[Site "Dindigul"]
[Date "2007.06.12"]
[Round "3"]
[White "Satyapragyan, Swayangsu"]
[Black "Sinha, Sudhir Kumar"]
[Result "1/2-1/2"]
[WhiteElo "2401"]
[BlackElo "2206"]
[PlyCount "89"]
[EventDate "2007.06.11"]
[EventType "swiss"]
[EventRounds "12"]
[EventCountry "IND"]
[SourceTitle "CBM 119 Extra"]
[Source "ChessBase"]
[SourceDate "2007.09.04"]
[SourceVersion "1"]
[SourceVersionDate "2007.09.04"]
[SourceQuality "1"]

1. e4 e5 2. Nf3 Nf6 3. Nc3 Nc6 4. g3 d5 5. exd5 Nxd5 6. Bg2 Nxc3 7. bxc3 Bd6 8. d3 0-0 9. 0-0 Bg4 10. h3 Bh5 11. Rb1 Rb8 12. g4 Bg6 13. Ng5 h6 14. Ne4 f5 15. gxf5 Bxf5 16. Qh5 Qe8 17. Qxe8 Rfxe8 18. Be3 Nd8 19. Bxa7 Ra8 20. Be3 Be6 21. Ra1 Ba3 22. Rfb1 c6 23. c4 Re7 24. Rb3 Rf7 25. Bb6 Bf8 26. a4 Bf5 27. Ng3 Ne6 28. Be3 Bg6 29. Be4 Bxe4 30. Nxe4 Ra5 31. Kf1 Bc5 32. Ke2 Nd4+ 33. Bxd4 exd4 34. Rbb1 b6 35. Rg1 Kh7 36. Rg4 Bb4 37. Rgg1 Rfa7 38. Rgb1 c5 39. Kd1 Rxa4 40. Rxa4 Rxa4 41. Nd2 Ra8 42. Ke2 Ra2 43. Kd1 Ra8 44. Ke2 Ra2 45. Kd1 1/2-1/2

[Event "IND-ch 44th"]
[Site "Atul"]
[Date "2006.12.25"]
[Round "9"]
[White "Sinha, Sudhir Kumar"]
[Black "Koshy, Varugeese"]
[Result "0-1"]
[WhiteElo "2182"]
[BlackElo "2325"]
[PlyCount "124"]
[EventDate "2006.12.18"]
[EventType "swiss"]
[EventRounds "13"]
[EventCountry "IND"]
[SourceTitle "CBM 115 Extra"]
[Source "ChessBase"]
[SourceDate "2007.01.10"]
[SourceVersion "1"]
[SourceVersionDate "2007.01.10"]
[SourceQuality "1"]

1. e4 d6 2. d4 Nf6 3. Nc3 e5 4. Nf3 Nbd7 5. Bc4 Be7 6. Ng5 0-0 7. Bxf7+ Rxf7 8. Ne6 Qe8 9. Nxc7 Qd8 10. Nxa8 b6 11. dxe5 Nxe5 12. Be3 Bb7 13. Nxb6 axb6 14. 0-0 Nc4 15. Qd4 Nxe3 16. Qxe3 d5 17. Rad1 Bc5 18. Qg5 d4 19. e5 Qa8 20. e6 Re7 21. Nb5 h6 22. Qg3 Ne4 23. Qg6 Ng5 24. h4 Be4 25. Qh5 Nxe6 26. Qg4 h5 27. Qg3 Bxc2 28. Rd2 d3 29. Nc3 Bd4 30. Re1 Bxc3 31. bxc3 Qc6 32. Rc1 Rf7 33. Rdxc2 dxc2 34. Rxc2 Qe4 35. Rb2 Rf4 36. f3 Qe3+ 37. Qf2 Qxf2+ 38. Kxf2 Rxh4 39. Rxb6 Kf7 40. Rb4 Rh1 41. Rc4 Ra1 42. a4 Ra2+ 43. Kg3 g5 44. f4 Nxf4 45. Kf3 Nxg2 46. Rc5 Nh4+ 47. Ke4 Rxa4+ 48. c4 Kf6 49. Rc6+ Kg7 50. Rc5 Ra6 51. Rxg5+ Kh6 52. Rc5 Ng6 53. Kf3 Ra3+ 54. Kg2 Rc3 55. Rc8 Kg5 56. c5 Ne5 57. Rg8+ Kh4 58. Rc8 Rc2+ 59. Kf1 Kh3 60. Kg1 h4 61. Kf1 Kg3 62. Rg8+ Ng4 0-1

[Event "IND-ch 44th"]
[Site "Atul"]
[Date "2006.12.21"]
[Round "5"]
[White "Saravanan, Venkat"]
[Black "Sinha, Sudhir Kumar"]
[Result "1/2-1/2"]
[WhiteElo "2383"]
[BlackElo "2182"]
[PlyCount "116"]
[EventDate "2006.12.18"]
[EventType "swiss"]
[EventRounds "13"]
[EventCountry "IND"]
[SourceTitle "CBM 115 Extra"]
[Source "ChessBase"]
[SourceDate "2007.01.10"]
[SourceVersion "1"]
[SourceVersionDate "2007.01.10"]
[SourceQuality "1"]

1. e4 c5 2. Nf3 e6 3. d4 cxd4 4. Nxd4 Nc6 5. Nc3 Qc7 6. Be3 a6 7. Bd3 Nf6 8. 0-0 Bd6 9. Nxc6 dxc6 10. f4 e5 11. f5 b5 12. a4 b4 13. Nb1 Bb7 14. Nd2 c5 15. Qf3 Qc6 16. b3 Bc7 17. h3 h5 18. Qf2 Bd6 19. Nc4 Rc8 20. Na5 Qc7 21. Nxb7 Qxb7 22. Rae1 Nd7 23. Rd1 Be7 24. Bc4 Nf6 25. Bd5 Qc7 26. Qe2 Qa7 27. Rf2 h4 28. Qc4 0-0 29. Rfd2 Nh5 30. Qe2 Nf4 31. Qg4 Bf6 32. Bf2 Qe7 33. Bc4 Qb7 34. Re1 Rfd8 35. Rxd8+ Rxd8 36. Bxh4 Bxh4 37. Qxh4 Rd2 38. Bf1 Qd7 39. Kh1 Rxc2 40. f6 Ng6 41. Qg3 gxf6 42. Bxa6 Qd2 43. Re2 Rc1+ 44. Kh2 Qd1 45. Qf2 Qh1+ 46. Kg3 Rc3+ 47. Re3 Nf4 48. Rf3 Qb1 49. Bf1 Qxb3 50. a5 Qa4 51. Rxc3 bxc3 52. Qxc5 Qd1 53. Qxc3 Qxf1 54. Qc8+ Kg7 55. Qg4+ Kh6 56. Qh4+ Kg7 57. Qg4+ Kf8 58. Qc8+ Kg7 1/2-1/2